Cómo enseñar y aprender sintaxis: modelos, teorías y prácticas según el grado de dificultad
Gorde:
| Egile nagusia: | |
|---|---|
| Formatua: | Liburua |
| Hizkuntza: | gaztelania |
| Argitaratua: |
Madrid
Cátedra
2012
|
| Edizioa: | 1a. ed |
| Saila: | Lingüística
|
| Gaiak: | |
| Etiketak: |
Etiketa erantsi
Etiketarik gabe, Izan zaitez lehena erregistro honi etiketa jartzen!
|
MARC
| LEADER | 00000cam a2200000 a 4500 | ||
|---|---|---|---|
| 001 | UCF8183 | ||
| 003 | CL-VaPUC | ||
| 008 | 130802e20120000sp |||||||||||||||||spa|d | ||
| 020 | |a 9788437630328 | ||
| 082 | 0 | 4 | |a 465 |b LOZ |2 21 |
| 100 | |a Lozano Jaén, Ginés |e autor |9 570267 | ||
| 245 | 1 | 0 | |a Cómo enseñar y aprender sintaxis: modelos, teorías y prácticas según el grado de dificultad |
| 250 | |a 1a. ed | ||
| 300 | |a 402 p | ||
| 942 | |c BK | ||
| 945 | |d 20130802 12:08:00 |a dcastane | ||
| 260 | |a Madrid |b Cátedra |c 2012 | ||
| 650 | 0 | |a Gramática española |9 403055 | |
| 650 | 0 | |a Idioma español |9 309143 | |
| 650 | 0 | |a Sintaxis |9 318843 | |
| 650 | 0 | |a Morfología |9 334440 | |
| 650 | 7 | |a LINGUISTICA DESCRIPTIVA |2 CL-VaPUC |9 570268 | |
| 583 | |a last modification |c 20130802 12:08:00 |k Rodrigo Vera | ||
| 490 | 0 | |a Lingüística | |
| 999 | |c 352818 |d 352816 | ||
| 952 | |0 0 |1 0 |4 0 |6 465_000000000000000_LOZ_2012 |7 0 |8 A |9 457493 |a BIBEDU |b BIBEDU |d 2019-11-22 |i 4992482 |l 3 |m 1 |o 465 LOZ 2012 |p 4992482 |r 2024-04-03 |s 2024-03-22 |w 2019-11-22 |y BK |k LIT | ||